Politics and society in Bangladesh: Dominant dimensions (Record no. 512973)

000 -LEADER
fixed length control field 00490nam a2200157 4500
008 - FIXED-LENGTH DATA ELEMENTS--GENERAL INFORMATION
fixed length control field 200107b ||||| |||| 00| 0 eng d
100 ## - MAIN ENTRY--PERSONAL NAME
Personal name Quddusi, Kazi SM Khasrul Alam
245 ## - TITLE STATEMENT
Title Politics and society in Bangladesh: Dominant dimensions
260 ## - PUBLICATION, DISTRIBUTION, ETC. (IMPRINT)
Name of publisher, distributor, etc World Affairs
300 ## - PHYSICAL DESCRIPTION
Extent 23(3), Jul-Sep, 2019: p.136-151.
650 ## - SUBJECT ADDED ENTRY--TOPICAL TERM
Topical term or geographic name as entry element Politics and government
9 (RLIN) 15165
650 ## - SUBJECT ADDED ENTRY--TOPICAL TERM
Topical term or geographic name as entry element Society - Bangladesh
9 (RLIN) 15166
773 ## - HOST ITEM ENTRY
Main entry heading World Affairs
906 ## - LOCAL DATA ELEMENT F, LDF (RLIN)
Subject DIP Bangladesh
942 ## - ADDED ENTRY ELEMENTS (KOHA)
Source of classification or shelving scheme
Item type Articles
Holdings
Withdrawn status Lost status Source of classification or shelving scheme Damaged status Not for loan Permanent location Current location Date acquired Serial Enumeration / chronology Barcode Date last seen Koha item type
          Indian Institute of Public Administration Indian Institute of Public Administration 2020-01-07 23(3), Jul-Sep, 2019: p.136-151. AR122298 2020-01-07 Articles

Powered by Koha